<?xml version="1.0" encoding="UTF-8"?>
<record
    xmlns:xsi="http://www.w3.org/2001/XMLSchema-instance"
    xsi:schemaLocation="http://www.loc.gov/MARC21/slim http://www.loc.gov/standards/marcxml/schema/MARC21slim.xsd"
    xmlns="http://www.loc.gov/MARC21/slim">

  <leader>00527    a2200181   4500</leader>
  <controlfield tag="003">3228</controlfield>
  <controlfield tag="005">20241108132552.0</controlfield>
  <controlfield tag="008">240902b        sa ||||| |||| 00| 0 eng d</controlfield>
  <datafield tag="020" ind1=" " ind2=" ">
    <subfield code="a">9780624044970</subfield>
    <subfield code="q">Paperback</subfield>
  </datafield>
  <datafield tag="040" ind1=" " ind2=" ">
    <subfield code="a">RDA</subfield>
    <subfield code="c">3228</subfield>
  </datafield>
  <datafield tag="082" ind1=" " ind2=" ">
    <subfield code="2">223</subfield>
    <subfield code="a">EKF DALY</subfield>
  </datafield>
  <datafield tag="100" ind1=" " ind2=" ">
    <subfield code="a">Daly, Nikki.</subfield>
    <subfield code="9">188489</subfield>
  </datafield>
  <datafield tag="245" ind1=" " ind2=" ">
    <subfield code="a">Pretty Salma:</subfield>
    <subfield code="c">writteb by Nikki,Daly.</subfield>
  </datafield>
  <datafield tag="260" ind1=" " ind2=" ">
    <subfield code="a">Cape Town:</subfield>
    <subfield code="b">Tafelberg Publishers,</subfield>
    <subfield code="c">2007.</subfield>
  </datafield>
  <datafield tag="300" ind1=" " ind2=" ">
    <subfield code="a">[unnumbered pages],</subfield>
    <subfield code="b">includes illustations;</subfield>
    <subfield code="c">25cm X 26 cm.</subfield>
  </datafield>
  <datafield tag="521" ind1=" " ind2=" ">
    <subfield code="a">Children</subfield>
  </datafield>
  <datafield tag="942" ind1=" " ind2=" ">
    <subfield code="2">ddc</subfield>
    <subfield code="c">BOOK</subfield>
    <subfield code="y">210</subfield>
    <subfield code="z">Zamahlubi Lubisi</subfield>
  </datafield>
  <datafield tag="999" ind1=" " ind2=" ">
    <subfield code="c">766772</subfield>
    <subfield code="d">766771</subfield>
  </datafield>
  <datafield tag="952" ind1=" " ind2=" ">
    <subfield code="0">0</subfield>
    <subfield code="1">0</subfield>
    <subfield code="4">0</subfield>
    <subfield code="7">0</subfield>
    <subfield code="8">F</subfield>
    <subfield code="a">EMTFL</subfield>
    <subfield code="b">EMTFL</subfield>
    <subfield code="c">CHILD</subfield>
    <subfield code="d">2024-08-27</subfield>
    <subfield code="l">2</subfield>
    <subfield code="o">EKF DALY</subfield>
    <subfield code="p">33228023212432</subfield>
    <subfield code="r">2026-04-15</subfield>
    <subfield code="s">2026-04-10</subfield>
    <subfield code="w">2024-08-27</subfield>
    <subfield code="y">BOOK</subfield>
  </datafield>
</record>
